000 01034cam a22001935a 4500
001 L152489
008 110317s2011 xxk f 000 0 eng d
035 _a(Sirsi) u152489
041 0 _aeng
110 2 _aAldersgate Group
_95205
245 0 0 _aGreening the economy
_ba strategy for growth, jobs and success
_h[electronic resource]
260 _a[S.l.]
_bAldersgate Group
_c2011
520 _aArgues for a comprehensive green growth strategy in the March 2011 budget that goes beyond reducing the budget deficit to drive a dynamic economic recovery. This should include a strong policy framework to address market failures across the economy extending beyond traditional environmental industries to sectors such as automotive and construction.
590 _aKA NTK
651 4 _aUnited Kingdom
_y
690 _aENVIRONMENTAL AND LAND CONSULTANCY-SUSTAINABILITY
856 4 0 _uhttps://www.aldersgategroup.org.uk/asset/download/111/greening_the_economy.pdf
_zView the report free of charge at www.aldersgategroup.org.uk
942 _n0
999 _c112072
_d112072